000 00278nam a2200121Ia 4500
005 20251222151306.0
008 251222s9999||||xx |||||||||||||| ||spa||
082 _a808.1/F96
245 0 _aDe la Conquista al Modernismo
250 _a1ra.ed.
264 _bEDUBANCO
942 _cLIB
999 _c23189
_d23189